| 000 | 01134nam a2200253 i 4500 | ||
|---|---|---|---|
| 001 | 166704 | ||
| 003 | ES-MaACL | ||
| 005 | 20250806063136.0 | ||
| 008 | 931025s1880 sp f |||| | spa d | ||
| 100 | 1 |
_aTubino, Francisco María, _d1833-1888 _9111620 |
|
| 245 | 1 | 0 |
_aArca sepulcral de San Isidro labrador que se conserva en la iglesia parroquial de San Andrés de Madrid / _cpor el señor Francisco María Tubino... ; publícase á expensas del Estado ; bajo la inspección de la Real Academia de Bellas Artes de San Fernando. |
| 260 |
_aMadrid : _bJosé Gil Donegaray, _c1880 ( _fImp. de Fortanet y Calcografía Nacional) |
||
| 300 |
_a8 p., [1] h. de lám. ; _c70 cm. |
||
| 490 | 1 | _aMonumentos Arquitectónicos de España | |
| 594 | _aTexto paralelo español-francés. | ||
| 599 | _aLas h. de lám. calc. | ||
| 600 | 0 | 4 |
_aIsidro _cSanto. _9236366 |
| 650 | 4 |
_aRelicarios. _9150902 |
|
| 710 | 2 |
_aReal Academia de Bellas Artes de San Fernando. _96291 |
|
| 830 | 0 | 0 |
_aMonumentos arquitectónicos de España _9187641 |
| 852 |
_aES-MaACL _jB-6982(1) _z-- Enc. tela |
||
| 999 |
_c166704 _d166704 |
||